[Event "Unterfranken-ch M2 60th"]
[Site "Obernau"]
[Date "2009.04.17"]
[Round "8"]
[White "Guensch, Hans Georg"]
[Black "Basel, Matthias"]
[Result "0-1"]
[WhiteElo "1733"]
[BlackElo "2015"]
[PlyCount "52"]
[EventDate "2009.04.13"]
[EventType "swiss"]
[EventRounds "9"]
[EventCountry "GER"]
[SourceTitle "EXT 2015"]
[Source "ChessBase"]
[SourceDate "2014.11.20"]
[SourceVersion "1"]
[SourceVersionDate "2014.11.20"]
[SourceQuality "1"]

1. e4 g6 2. d4 Bg7 3. Nc3 d6 4. Nf3 c6 5. Be2 b5 6. 0-0 Qc7 7. Bf4 Nd7 8. Qd2 a6 9. Rfe1 e5 10. dxe5 dxe5 11. Bg3 Ngf6 12. a3 Nh5 13. Rad1 Nxg3 14. hxg3 Bf8 15. Ng5 Nc5 16. f4 f6 17. Nf3 Ne6 18. fxe5 Bc5+ 19. Kh2 fxe5 20. b4 Be7 21. Bd3 0-0 22. Qe3 a5 23. bxa5 Rxa5 24. Nb1 Bxa3 25. Bxb5 Bc5 26. Qc3 Rxb5 0-1

[Event "Unterfranken-ch M2 60th"]
[Site "Obernau"]
[Date "2009.04.17"]
[Round "7"]
[White "Susallek, Markus"]
[Black "Guensch, Hans Georg"]
[Result "0-1"]
[WhiteElo "1871"]
[BlackElo "1733"]
[PlyCount "54"]
[EventDate "2009.04.13"]
[EventType "swiss"]
[EventRounds "9"]
[EventCountry "GER"]
[SourceTitle "EXT 2015"]
[Source "ChessBase"]
[SourceDate "2014.11.20"]
[SourceVersion "1"]
[SourceVersionDate "2014.11.20"]
[SourceQuality "1"]

1. e4 e5 2. f4 exf4 3. Nf3 Be7 4. Bc4 Nf6 5. Nc3 Nxe4 6. Bxf7+ Kxf7 7. Ne5+ Ke6 8. Qg4+ Kxe5 9. d4+ Kf6 10. Qxf4+ Kg6 11. 0-0 Nf6 12. Ne4 d5 13. Nxf6 Bxf6 14. Qg3+ Kf7 15. Bg5 Be6 16. Bxf6 gxf6 17. Qh4 h5 18. Rf3 Bg4 19. Rf4 Nd7 20. Raf1 Qe7 21. h3 Be6 22. Re1 Rag8 23. Rf3 Rg6 24. Rfe3 f5 25. Qf4 Rhg8 26. Qxf5+ Bxf5 27. Rxe7+ Kf6 0-1

[Event "Unterfranken-ch M2 60th"]
[Site "Obernau"]
[Date "2009.04.13"]
[Round "1"]
[White "Guensch, Hans Georg"]
[Black "Saftenberger, Wolfgang"]
[Result "1/2-1/2"]
[WhiteElo "1733"]
[BlackElo "1650"]
[PlyCount "31"]
[EventDate "2009.04.13"]
[EventType "swiss"]
[EventRounds "9"]
[EventCountry "GER"]
[SourceTitle "EXT 2015"]
[Source "ChessBase"]
[SourceDate "2014.11.20"]
[SourceVersion "1"]
[SourceVersionDate "2014.11.20"]
[SourceQuality "1"]

1. e4 d6 2. d4 g6 3. Nc3 Bg7 4. Nf3 Nf6 5. Be2 b6 6. 0-0 Bb7 7. Bb5+ c6 8. Bd3 0-0 9. Re1 Nbd7 10. Bg5 h6 11. Bf4 Re8 12. Qd2 Kh7 13. Rad1 c5 14. d5 a6 15. a4 c4 16. Bf1 1/2-1/2

[Event "Unterfranken-ch Seniors 59th"]
[Site "Rieneck"]
[Date "2008.03.29"]
[Round "7"]
[White "Guensch, Hans Georg"]
[Black "Ruppert, Herbert"]
[Result "1/2-1/2"]
[WhiteElo "1783"]
[BlackElo "1667"]
[PlyCount "21"]
[EventDate "2008.03.24"]
[EventType "tourn"]
[EventRounds "7"]
[EventCountry "GER"]
[SourceTitle "EXT 2015"]
[Source "ChessBase"]
[SourceDate "2014.11.20"]
[SourceVersion "1"]
[SourceVersionDate "2014.11.20"]
[SourceQuality "1"]

1. e4 d6 2. d4 Nf6 3. Nc3 g6 4. Nf3 Bg7 5. Be2 0-0 6. 0-0 Nbd7 7. e5 Ne8 8. Bf4 c5 9. exd6 exd6 10. Nb5 Qb6 11. a4 1/2-1/2

[Event "Unterfranken-ch HA 57th"]
[Site "Prichsenstadt"]
[Date "2006.04.17"]
[Round "1"]
[White "Guensch, Hans Georg"]
[Black "Brux, Juergen"]
[Result "1/2-1/2"]
[WhiteElo "1716"]
[BlackElo "1548"]
[PlyCount "28"]
[EventDate "2006.04.17"]
[EventType "swiss"]
[EventRounds "9"]
[EventCountry "GER"]
[SourceTitle "EXT 2015"]
[Source "ChessBase"]
[SourceDate "2014.11.20"]
[SourceVersion "1"]
[SourceVersionDate "2014.11.20"]
[SourceQuality "1"]

1. e4 c5 2. Nf3 d6 3. d4 cxd4 4. Nxd4 Nf6 5. Nc3 g6 6. Be2 Bg7 7. Be3 0-0 8. f3 Bd7 9. Qd2 Nc6 10. 0-0 a6 11. Nd5 e6 12. Nxf6+ Bxf6 13. c3 Qc7 14. Rfd1 Rfd8 1/2-1/2

[Event "Bad Koenigshofen op"]
[Site "Bad Koenigshofen"]
[Date "2006.??.??"]
[Round "8"]
[White "Guensch, Hans Georg"]
[Black "Beyersdorf, Gunter"]
[Result "1-0"]
[WhiteElo "1720"]
[BlackElo "1680"]
[PlyCount "127"]
[EventDate "2006.08.04"]
[EventType "swiss"]
[EventRounds "9"]
[EventCountry "GER"]
[SourceTitle "EXT 2008"]
[Source "ChessBase"]
[SourceDate "2007.11.25"]
[SourceVersion "1"]
[SourceVersionDate "2007.11.25"]
[SourceQuality "1"]

1. e4 e6 2. d4 d5 3. Nd2 Nf6 4. e5 Nfd7 5. Bd3 c5 6. c3 Nc6 7. Ne2 Be7 8. Nf3 0-0 9. 0-0 f6 10. Nf4 Nb6 11. exf6 Bxf6 12. dxc5 Nc4 13. Bxc4 dxc4 14. Qe2 Qe7 15. Qxc4 Ne5 16. Nxe5 Bxe5 17. Nh3 Qc7 18. f4 Bf6 19. Be3 Bd7 20. f5 Rae8 21. Bf4 Qc6 22. Bd6 Rf7 23. Rae1 exf5 24. Rxe8+ Bxe8 25. Rxf5 h6 26. Rf2 Kh8 27. Nf4 Rd7 28. Qe2 Bf7 29. Qc2 b6 30. b4 a5 31. Ng6+ Kg8 32. Rxf6 gxf6 33. Ne7+ Rxe7 34. Bxe7 Qe6 35. h3 Qe1+ 36. Kh2 Qxe7 37. cxb6 Qd6+ 38. g3 Qxb6 39. Qd3 Kg7 40. Qe2 Qe6 41. Qxe6 Bxe6 42. bxa5 Bc4 43. g4 f5 44. Kg3 Kf6 45. h4 Ke5 46. gxf5 Kxf5 47. Kf3 Ke5 48. Ke3 h5 49. Kf3 Bb5 50. Ke3 Kf5 51. Kd4 Kg4 52. Kc5 Bf1 53. c4 Kxh4 54. a6 Kg4 55. a7 Bg2 56. Kb6 h4 57. c5 h3 58. c6 h2 59. c7 h1Q 60. c8Q+ Kg3 61. Qc3+ Kf2 62. Qd2+ Kg3 63. Qe3+ Bf3 64. a8Q 1-0

[Event "Unterfranken-ch M2 56th"]
[Site "Stetten"]
[Date "2005.03.31"]
[Round "7"]
[White "Drewes, Thomas"]
[Black "Guensch, Hans Georg"]
[Result "1-0"]
[WhiteElo "1815"]
[BlackElo "1721"]
[PlyCount "83"]
[EventDate "2005.03.28"]
[EventType "swiss"]
[EventRounds "9"]
[EventCountry "GER"]
[SourceTitle "EXT 2015"]
[Source "ChessBase"]
[SourceDate "2014.11.20"]
[SourceVersion "1"]
[SourceVersionDate "2014.11.20"]
[SourceQuality "1"]

1. c4 e5 2. g3 Nf6 3. Bg2 c6 4. Nc3 Bc5 5. d3 0-0 6. Nf3 Re8 7. 0-0 d5 8. Qb3 e4 9. dxe4 dxe4 10. Rd1 Qe7 11. Ne1 a5 12. Bg5 Bxf2+ 13. Kh1 Bf5 14. Bxf6 gxf6 15. Nc2 Bc5 16. Na4 Na6 17. Nxc5 Nxc5 18. Qe3 Bg6 19. Rf1 f5 20. Bh3 Qe5 21. Nd4 Ne6 22. Nxf5 Ng7 23. Nh6+ Kf8 24. Ng4 Nf5 25. Qa3+ Qe7 26. Qc3 Qg5 27. Rad1 Red8 28. Qh8+ Ke7 29. Qe5+ Kf8 30. Nf6 h6 31. Bxf5 Bxf5 32. Rxd8+ Rxd8 33. Qxf5 Qxf5 34. Rxf5 Rd2 35. Nxe4 Rxb2 36. Rxa5 Rxe2 37. Nc5 Rb2 38. Nb3 Ke7 39. Ra7 Kd6 40. Rxb7 Rxa2 41. Rxf7 Rb2 42. Rf6+ 1-0

[Event "Unterfranken-ch M2 56th"]
[Site "Stetten"]
[Date "2005.03.31"]
[Round "6"]
[White "Guensch, Hans Georg"]
[Black "Teixeira, Paulo Gustavo GA"]
[Result "0-1"]
[WhiteElo "1721"]
[BlackElo "1600"]
[PlyCount "52"]
[EventDate "2005.03.28"]
[EventType "swiss"]
[EventRounds "9"]
[EventCountry "GER"]
[SourceTitle "EXT 2015"]
[Source "ChessBase"]
[SourceDate "2014.11.20"]
[SourceVersion "1"]
[SourceVersionDate "2014.11.20"]
[SourceQuality "1"]

1. e4 c5 2. Nf3 Nc6 3. d4 cxd4 4. Nxd4 Nf6 5. Nc3 e5 6. Nxc6 bxc6 7. Bc4 Bb7 8. 0-0 Be7 9. Be3 0-0 10. f3 d5 11. Be2 d4 12. Bd2 dxc3 13. Bxc3 Qc7 14. Bc4 Rad8 15. Qe1 Rd7 16. Kh1 Bc5 17. f4 Bd4 18. Ba5 Qb8 19. c3 Bb6 20. Bb4 c5 21. Ba3 Nxe4 22. fxe5 Qxe5 23. b4 Bc7 24. Qh4 Rd6 25. Qf4 Qxf4 26. Rxf4 Rd2 0-1

[Event "Unterfranken-ch M2 56th"]
[Site "Stetten"]
[Date "2005.03.30"]
[Round "5"]
[White "Hassler, Guenther"]
[Black "Guensch, Hans Georg"]
[Result "1-0"]
[WhiteElo "1813"]
[BlackElo "1721"]
[PlyCount "85"]
[EventDate "2005.03.28"]
[EventType "swiss"]
[EventRounds "9"]
[EventCountry "GER"]
[SourceTitle "EXT 2015"]
[Source "ChessBase"]
[SourceDate "2014.11.20"]
[SourceVersion "1"]
[SourceVersionDate "2014.11.20"]
[SourceQuality "1"]

1. e4 e5 2. Nf3 Nc6 3. Nc3 Nf6 4. Bb5 a6 5. Bxc6 dxc6 6. Nxe5 Bc5 7. 0-0 0-0 8. d3 Re8 9. Nf3 Bg4 10. h3 Bh5 11. Be3 Qe7 12. Qe2 Rad8 13. Rad1 Bb4 14. Nb1 h6 15. a3 Ba5 16. b4 Bb6 17. Bxb6 cxb6 18. g4 Nxg4 19. hxg4 Bxg4 20. Qe3 Qf6 21. Nh2 Bxd1 22. Rxd1 Qg6+ 23. Qg3 Qxg3+ 24. fxg3 Rxe4 25. Nc3 Re6 26. Kf2 Rde8 27. Rd2 Rf6+ 28. Kg2 Re1 29. d4 Ra1 30. Ng4 Re6 31. a4 Ree1 32. d5 cxd5 33. Rxd5 Rg1+ 34. Kf2 Raf1+ 35. Ke2 Rc1 36. Kf2 f5 37. Ne3 g6 38. Rd8+ Kf7 39. Rd7+ Kf6 40. Rd6+ Kg5 41. Ne2 Rh1 42. Nf4 Rh2+ 43. Kf3 1-0

[Event "Unterfranken-ch M2 56th"]
[Site "Stetten"]
[Date "2005.03.28"]
[Round "2"]
[White "Grebner, Bernd"]
[Black "Guensch, Hans Georg"]
[Result "1/2-1/2"]
[WhiteElo "1840"]
[BlackElo "1721"]
[PlyCount "74"]
[EventDate "2005.03.28"]
[EventType "swiss"]
[EventRounds "9"]
[EventCountry "GER"]
[SourceTitle "EXT 2015"]
[Source "ChessBase"]
[SourceDate "2014.11.20"]
[SourceVersion "1"]
[SourceVersionDate "2014.11.20"]
[SourceQuality "1"]

1. d4 f5 2. Bg5 g6 3. e3 Bg7 4. c3 Nf6 5. Nd2 d5 6. Bxf6 Bxf6 7. f4 c6 8. Ngf3 Be6 9. Be2 Nd7 10. Qb3 Qb6 11. Kf2 Qxb3 12. axb3 Kf7 13. Ra2 a6 14. b4 Nb6 15. Rha1 Bd7 16. Nb3 Rhb8 17. Nc5 Bc8 18. b3 e6 19. Ng5+ Bxg5 20. fxg5 Nd7 21. Nxd7 Bxd7 22. c4 Rh8 23. b5 Rab8 24. bxa6 bxa6 25. Rb1 Rb4 26. Rxa6 Rhb8 27. cxd5 exd5 28. Bd1 f4 29. exf4 Rxd4 30. Ra7 Ke7 31. g3 Rd2+ 32. Ke3 Rxh2 33. Bg4 Rd8 34. b4 Kd6 35. Rxd7+ Rxd7 36. Bxd7 Kxd7 37. Ra1 Kc7 1/2-1/2

[Event "Unterfranken-ch M2 55th"]
[Site "Bad Koenigshofen"]
[Date "2004.04.15"]
[Round "5"]
[White "Werner, Stefan1111"]
[Black "Guensch, Hans Georg"]
[Result "1-0"]
[WhiteElo "1717"]
[BlackElo "1730"]
[PlyCount "59"]
[EventDate "2004.04.12"]
[EventType "swiss"]
[EventRounds "9"]
[EventCountry "GER"]
[SourceTitle "EXT 2015"]
[Source "ChessBase"]
[SourceDate "2014.11.20"]
[SourceVersion "1"]
[SourceVersionDate "2014.11.20"]
[SourceQuality "1"]

1. d4 d5 2. c4 e6 3. a3 dxc4 4. Nc3 c5 5. Qa4+ Nc6 6. dxc5 Bxc5 7. Qxc4 Qd4 8. e3 Qxc4 9. Bxc4 Nf6 10. b4 Bb6 11. Bb2 0-0 12. Nf3 Bd7 13. Rd1 Rfd8 14. 0-0 e5 15. b5 Na5 16. Ba2 Bc7 17. h3 Bf5 18. Nd5 Nxd5 19. Bxd5 Re8 20. Rc1 Re7 21. Bc3 Bd3 22. Bb4 Rd7 23. Rxc7 Rxc7 24. Bxa5 Bxf1 25. Bxc7 Bxb5 26. Nxe5 Bc6 27. Bxf7+ Kh8 28. Be6 g6 29. Nxc6 bxc6 30. Be5# 1-0

[Event "Unterfranken-ch M2 54th"]
[Site "Moembris"]
[Date "2003.04.22"]
[Round "3"]
[White "Guensch, Hans Georg"]
[Black "Steinhauser, Thomas"]
[Result "1/2-1/2"]
[WhiteElo "1767"]
[BlackElo "1873"]
[PlyCount "35"]
[EventDate "2003.04.21"]
[EventType "swiss"]
[EventRounds "9"]
[EventCountry "GER"]
[SourceTitle "EXT 2015"]
[Source "ChessBase"]
[SourceDate "2014.11.20"]
[SourceVersion "1"]
[SourceVersionDate "2014.11.20"]
[SourceQuality "1"]

1. e4 e5 2. Nf3 Nc6 3. Bb5 a6 4. Ba4 Nf6 5. 0-0 b5 6. Bb3 Be7 7. Re1 0-0 8. d4 d6 9. c3 Bg4 10. Be3 Re8 11. Nbd2 Bf8 12. Bg5 Be7 13. h3 Bh5 14. g4 Bg6 15. Nh4 Nd7 16. Bxe7 Nxe7 17. Qf3 Rf8 18. Qg3 1/2-1/2

[Event "Unterfranken-ch M2 53th"]
[Site "Wuerzburg"]
[Date "2002.??.??"]
[Round "4"]
[White "Guensch, Hans Georg"]
[Black "Beerbower, James"]
[Result "1/2-1/2"]
[WhiteElo "1801"]
[BlackElo "1820"]
[PlyCount "37"]
[EventDate "2002.04.01"]
[EventType "swiss"]
[EventRounds "9"]
[EventCountry "GER"]
[SourceTitle "EXT 2015"]
[Source "ChessBase"]
[SourceDate "2014.11.20"]
[SourceVersion "1"]
[SourceVersionDate "2014.11.20"]
[SourceQuality "1"]

1. e4 c5 2. Nf3 d6 3. d4 cxd4 4. Nxd4 Nf6 5. Nc3 a6 6. Be2 e5 7. Nb3 Be7 8. Be3 Be6 9. 0-0 Nbd7 10. f3 b5 11. Nd5 Nxd5 12. exd5 Bf5 13. Bd3 Bxd3 14. Qxd3 0-0 15. c3 f5 16. a4 bxa4 17. Rxa4 Nb6 18. Ra2 Qc7 19. Na5 1/2-1/2

[Event "Unterfranken-ch M2 53th"]
[Site "Wuerzburg"]
[Date "2002.??.??"]
[Round "7"]
[White "Markert, Markus"]
[Black "Guensch, Hans Georg"]
[Result "0-1"]
[WhiteElo "1778"]
[BlackElo "1801"]
[PlyCount "84"]
[EventDate "2002.04.01"]
[EventType "swiss"]
[EventRounds "9"]
[EventCountry "GER"]
[SourceTitle "EXT 2015"]
[Source "ChessBase"]
[SourceDate "2014.11.20"]
[SourceVersion "1"]
[SourceVersionDate "2014.11.20"]
[SourceQuality "1"]

1. e4 e5 2. d4 exd4 3. Nf3 Nc6 4. Bc4 Bc5 5. c3 d3 6. Qxd3 d6 7. 0-0 Be6 8. Bd5 Nge7 9. Nbd2 0-0 10. b4 Bb6 11. Nb3 Ne5 12. Qd1 Nxd5 13. exd5 Bg4 14. Be3 Nxf3+ 15. gxf3 Bh3 16. Kh1 Bxf1 17. Qxf1 Qf6 18. Qg2 Bxe3 19. fxe3 Rfe8 20. Rg1 Rxe3 21. Nd2 g6 22. Rf1 Re7 23. Ne4 Qe5 24. Qh3 Kg7 25. Qh4 Rae8 26. c4 Qf5 27. Ng3 Qf6 28. Nh5+ gxh5 29. Rg1+ Qg6 30. Qd4+ Kg8 31. Rxg6+ hxg6 32. Kg2 Re2+ 33. Kg3 Rxa2 34. h4 Ra3 35. Kf4 Re5 36. c5 Rf5+ 37. Kg3 Rfxf3+ 38. Kg2 Rfd3 39. Qb2 Rg3+ 40. Kh2 Rh3+ 41. Kg2 Rag3+ 42. Kf1 Rh1+ 0-1

[Event "Unterfranken-ch HT 52th"]
[Site "Massbach"]
[Date "2001.04.17"]
[Round "3"]
[White "Heuberger, Josef"]
[Black "Guensch, Hans Georg"]
[Result "1/2-1/2"]
[WhiteElo "1569"]
[BlackElo "1526"]
[PlyCount "84"]
[EventDate "2001.04.16"]
[EventType "swiss"]
[EventRounds "9"]
[EventCountry "GER"]
[SourceTitle "EXT 2015"]
[Source "ChessBase"]
[SourceDate "2014.11.20"]
[SourceVersion "1"]
[SourceVersionDate "2014.11.20"]
[SourceQuality "1"]

1. d4 d5 2. Nf3 Nf6 3. c4 c6 4. Nc3 e6 5. Bg5 Be7 6. e3 Nbd7 7. Bd3 dxc4 8. Bxc4 Nb6 9. Be2 Nbd5 10. Rc1 Nxc3 11. bxc3 Nd5 12. Bxe7 Qxe7 13. 0-0 0-0 14. Qc2 Bd7 15. Ne5 Nb6 16. Ra1 f6 17. Nf3 c5 18. Rfc1 Rfc8 19. Qd2 Bc6 20. Ne1 Rd8 21. Bf1 e5 22. Nc2 Ba4 23. Qe2 Bxc2 24. Rxc2 exd4 25. cxd4 cxd4 26. exd4 Qxe2 27. Rxe2 Kf8 28. Rd1 Rd6 29. g3 Rad8 30. Red2 Nd5 31. Rb1 b6 32. Rb3 Ne7 33. Rbd3 Nc6 34. d5 Ne5 35. Ra3 R8d7 36. Kg2 Rc7 37. f4 Nd7 38. Kf2 Nc5 39. Bg2 f5 40. Re2 Nd7 41. Rae3 Nf6 42. h3 Kf7 1/2-1/2

[Event "Unterfranken-ch HT 52th"]
[Site "Massbach"]
[Date "2001.??.??"]
[Round "?"]
[White "Krenz, Dieter"]
[Black "Guensch, Hans Georg"]
[Result "1-0"]
[WhiteElo "1867"]
[BlackElo "1526"]
[PlyCount "134"]
[EventDate "2001.04.16"]
[EventType "swiss"]
[EventRounds "9"]
[EventCountry "GER"]
[SourceTitle "EXT 2015"]
[Source "ChessBase"]
[SourceDate "2014.11.20"]
[SourceVersion "1"]
[SourceVersionDate "2014.11.20"]
[SourceQuality "1"]

1. e4 e5 2. Nf3 Nc6 3. Bb5 a6 4. Ba4 Nf6 5. 0-0 b5 6. Bb3 Be7 7. Re1 0-0 8. c3 d5 9. exd5 e4 10. dxc6 exf3 11. d4 fxg2 12. Bf4 Bd6 13. Bg3 Bxg3 14. hxg3 Qd6 15. Qf3 Bg4 16. Qxg2 Rae8 17. Nd2 Be6 18. Bxe6 Rxe6 19. Rxe6 Qxe6 20. Nf3 Qxc6 21. Ne5 Qxg2+ 22. Kxg2 Re8 23. a4 c5 24. axb5 axb5 25. Ra7 b4 26. Nxf7 bxc3 27. bxc3 cxd4 28. cxd4 Kf8 29. Ne5 Rd8 30. Nf3 Rd7 31. Rxd7 Nxd7 32. Ng1 Ke7 33. Kf3 Ke6 34. Ke3 Nf6 35. f3 Nd5+ 36. Ke4 Nf6+ 37. Kd3 Nd5 38. Ne2 g6 39. Ke4 Nf6+ 40. Kf4 h6 41. Ke3 Nd5+ 42. Kd3 Nb4+ 43. Kc4 Nd5 44. Kc5 g5 45. g4 Nf6 46. Ng3 Nd7+ 47. Kc6 Nb8+ 48. Kb7 Na6 49. Kb6 Nb4 50. Kb5 Nc2 51. Kc5 Ne1 52. d5+ Kd7 53. Nf5 Nxf3 54. Nxh6 Ne5 55. Kd4 Ng6 56. Nf7 Ke7 57. Nxg5 Kf6 58. Ne4+ Ke7 59. Kc5 Ne5 60. g5 Nd7+ 61. Kd4 Nf8 62. Ke5 Ng6+ 63. Kf5 Nh4+ 64. Kg4 Ng6 65. d6+ Ke6 66. Kh5 Nf4+ 67. Kh6 Ke5 1-0